| 000 | 01571cam a2200373 a 4500 | ||
|---|---|---|---|
| 003 | OSt | ||
| 005 | 20250410154205.0 | ||
| 008 | 130618t 2013ck ad r 000 f spa d | ||
| 020 | _a9584235095 | ||
| 020 | _a9789584235091 | ||
| 020 | _a9780385537858 | ||
| 040 |
_aCO-BoPUJ _cCO-JMCR |
||
| 041 | 1 |
_aspa _heng |
|
| 082 | 0 | 4 |
_aA-N _bBROi _223 |
| 100 | 1 |
_aBrown, Dan _eautor _9785 |
|
| 245 | 1 | 0 |
_aInferno / _cDan Brown ; traducción Aleix Montoto |
| 250 | _a1a ed. | ||
| 260 |
_aBogotá : _bPlaneta, _cc2013. |
||
| 300 |
_a551 páginas : _bilustraciones, gráficas ; _c23 cm. |
||
| 500 | _aDatos biográficos del autor en solapa frontal. | ||
| 520 | _alos lugares más oscuros del infierno están reservados para aquellos que mantienen su neutralidad en épocas de crisis moral. | ||
| 534 | _tInferno. | ||
| 650 | 1 | 4 |
_aNovela estadounidense _913961 |
| 650 | 2 | 4 |
_aLiteratura estadounidense _913962 |
| 650 | 2 | 4 |
_aHistorias de aventuras _913963 |
| 650 | 2 | 4 |
_aNovela policíaca _9214 |
| 651 | 4 |
_aFlorencia (Italia) _vNovela _913964 |
|
| 700 | 1 |
_aMontoto, Aleix _etraductor _96698 |
|
| 942 |
_2ddc _cBK |
||
| 999 |
_c7335 _d7335 |
||